00771nas a2200241Ia 4500001001600000003001000016008004100026040002500067041001300092100002600105210002600131222002600157245003000183250001100213260000900224501012300233300001600356362002800372500005000400650003700450700002000487700002200507A08/R096-35759 IT-MiCISF161014c99999999xx |||||||||||| ||und|| aIT-MiCISFcIT-MiCISF aITALIANO aZulehner Paul Michael aIl regno. Attualità aIl regno. Attualità 0aClero e violenze sessuali a1a ed. c2002 bCISF - Centro Internazionale Studi Famiglia - Via Giotto, 36 20145 MILANO (non commercial uses only)cCopyright 2016 app. 307-312 an. 10, 15 maggio [2002] a Tema: chiesa, pedofilia, operatori-pastorali amaltrattamenti violenzavdossier a Prezzi Lorenzo a Torresin Antonio